Vādirājaviracitaṃ Yaśodharacaritam. (Record no. 63568)
[ view plain ]
| 000 -LEADER | |
|---|---|
| fixed length control field | 00824cam a22002771 4500 |
| 001 - CONTROL NUMBER | |
| control field | sa 65004148 |
| 003 - CONTROL NUMBER IDENTIFIER | |
| control field | DLC |
| 005 - DATE AND TIME OF LATEST TRANSACTION | |
| control field | 20260227112128.0 |
| 008 - FIXED-LENGTH DATA ELEMENTS--GENERAL INFORMATION | |
| fixed length control field | 900208s1963 ii b 001 0 sano |
| 010 ## - LIBRARY OF CONGRESS CONTROL NUMBER | |
| LC control number | sa 65004148 |
| 035 ## - SYSTEM CONTROL NUMBER | |
| System control number | (OCoLC)21021444 |
| 040 ## - CATALOGING SOURCE | |
| Original cataloging agency | DLC |
| Transcribing agency | WaU |
| Modifying agency | DLC |
| 041 0# - LANGUAGE CODE | |
| Language code of text/sound track or separate title | saneng |
| 042 ## - AUTHENTICATION CODE | |
| Authentication code | premarc |
| 050 00 - LIBRARY OF CONGRESS CALL NUMBER | |
| Classification number | PK3798.V15 |
| Item number | Y3 1963 |
| 100 0# - MAIN ENTRY--PERSONAL NAME | |
| Personal name | Vādirājasūri, |
| Dates associated with a name | active 1025-1042. |
| 245 00 - TITLE STATEMENT | |
| Title | Vādirājaviracitaṃ Yaśodharacaritam. |
| 260 ## - PUBLICATION, DISTRIBUTION, ETC. | |
| Date of publication, distribution, etc. | 1963. |
| 300 ## - PHYSICAL DESCRIPTION | |
| Extent | xviii, 233 p. |
| Dimensions | 23 cm. |
| 500 ## - GENERAL NOTE | |
| General note | Added t. p. in English. |
| 500 ## - GENERAL NOTE | |
| General note | English and Sanskrit; foreword, introd., and index in English. |
| 504 ## - BIBLIOGRAPHY, ETC. NOTE | |
| Bibliography, etc. note | Bibliographical footnotes. |
| 700 0# - ADDED ENTRY--PERSONAL NAME | |
| Personal name | Lakṣmaṇa, |
| Dates associated with a name | active approximately 1550. |
| 700 1# - ADDED ENTRY--PERSONAL NAME | |
| Personal name | Krishnamoorthy, K., |
| Dates associated with a name | 1923-1997. |
| 740 0# - ADDED ENTRY--UNCONTROLLED RELATED/ANALYTICAL TITLE | |
| Uncontrolled related/analytical title | Yaśodharacaritam. |
No items available.